000 01187cam a2200241 4500
001 J128973
008 050307n1936 000 0 eng u
035 _a(Sirsi) u128973
041 _aeng
050 _a720
_c18
100 _aLovell, Percy W.
245 _aSurvey of London volume 17
_bthe village of Highgate
_bthe parish of St Pancras part one
260 _aLondon
_bCountry Life
_c1936
300 _axix, 170p.
_bill.
_c30cm.
490 _aSurvey of London Main Series
_v17
520 _aThis volume of the "Survey of London", English Heritage's detailed architectural and topographical study, describes buildings in Highgate (many which have been demolished or rebuilt), explaining how they came into being and outlining their significance and historical associations. This earlier volume is highly selective and includes few buildings erected after 1800. Includes photographs and maps together with plans, sections and elevations of selected buildings.
590 _aSOL
690 _aBUILT ENVIRONMENT-CONSTRUCTION DESIGN
700 _aMarcham, William M.
700 _aGater, George
_cSir
_xGeneral Editor
700 _aGodfrey, Walter H.
_xGeneral Editor
942 _n0
999 _c104061
_d104061